Estudio de pre factibilidad, instalación y Puesta en marcha de una Empresa Productora y comercializadora de pan Beigel S.A en el Periodo 2017-2022

Presenta la realización de un estudio de prefactibilidad, instalación y puesta en marcha de una Empresa Productora y comercializadora de pan Beigel S.A en el cual se evaluó la viabilidad comercial de productos Beigel así como un estudio técnico para la determinación de la macro y micro localiz...

Full description

Bibliographic Details
Main Author: Muñoz Gaitán, Lester David
Other Authors: Tutor: Agustín Cáceres, Juan
Format: Tesis Section = Libro
Language:Undetermined
Spanish
Published: Managua UNI 2017
Subjects:
LEADER 01252nam a2200277Ia 4500
008 240830s9999 xx 000 0 und d
040 |a BIBLIOTECA-RUPAP Mon 658.404 M971 
041 |a spa 
082 |a Mon 658.404 M971 
100 1 |a Muñoz Gaitán, Lester David 
245 1 0 |a Estudio de pre factibilidad, instalación y Puesta en marcha de una Empresa Productora y comercializadora de pan Beigel S.A en el Periodo 2017-2022 
260 |a Managua  |b UNI  |c 2017 
300 |a 94 p. :il. 
500 |a Contiene anexos y CD 
502 |a Tesis (Ingeniero Industrial)- UNI, 2017. 
520 3 |a Presenta la realización de un estudio de prefactibilidad, instalación y puesta en marcha de una Empresa Productora y comercializadora de pan Beigel S.A en el cual se evaluó la viabilidad comercial de productos Beigel así como un estudio técnico para la determinación de la macro y micro localización. 
650 7 |a ESTUDIO DE FACTIBILIDAD 
650 7 |b PAN BEIGEL – PRODUCCION Y COMERCIALIZACION 
650 7 |c ADMNINISTRACION DE PROYECTO 
650 7 |d PROYECTO PANADERO 
650 7 |e MERCADEO DE PRODUCTOS 
650 7 |f ANALISIS FINANCIERO 
700 1 |a Tutor:  |b Agustín Cáceres, Juan 
942 |c BK  |2 ddc 
991 |a TESIS 
999 |c 17383